Comprendiendo teléfonos electrónicos /
Guardado en:
| Otros Autores: | |
|---|---|
| Formato: | Libro |
| Idioma: | Spanish English |
| Publicado: |
Buenos Aires :
Hispano Americana (HASA),
c1992.
|
| Edición: | primera edición en idioma español de la tercera edición en idioma inglés. |
| Materias: | |
| Etiquetas: |
Agregar Etiqueta
Sin Etiquetas, Sea el primero en etiquetar este registro!
|
| LEADER | 00844nam a22002175a 4500 | ||
|---|---|---|---|
| 001 | EIQ.libpla001189 | ||
| 008 | 060816s1992####ag#a##########001#0#spa#d | ||
| 005 | 20060816174429.0 | ||
| 245 | 0 | 0 | |a Comprendiendo teléfonos electrónicos / |c tercera ed. revisada por Stephen J. Bigelow. |
| 250 | |a primera edición en idioma español de la tercera edición en idioma inglés. | ||
| 260 | |a Buenos Aires : |b Hispano Americana (HASA), |c c1992. | ||
| 300 | |a vi, 391 p. : |b il. ; |c 23 cm. | ||
| 500 | |a Título original: Understanding telephone elctronics. | ||
| 500 | |a Traducido por: Egon Strauss. | ||
| 500 | |a Incluye índice. | ||
| 020 | |a 9505280890 | ||
| 700 | 1 | |a Bigelow, Stephen J. |4 rev | |
| 650 | 4 | |a Teléfonos electrónicos |x Teoría. | |
| 650 | 4 | |a Telephone Electronic |x Theory. | |
| 041 | 1 | |a spa |h eng | |
| 859 | |a AR-BbSID |b BIB. PLAPIQUI |h 621.380 |i C 588 |p 4295 | ||
